Focus (Record no. 79540)
[ view plain ]
| 000 -LEADER | |
|---|---|
| fixed length control field | 00905cab a22002295a 4500 |
| 001 - CONTROL NUMBER | |
| control field | L141608 |
| 008 - FIXED-LENGTH DATA ELEMENTS--GENERAL INFORMATION | |
| fixed length control field | 071205e20071201xxk f 000 0 eng d |
| 035 ## - SYSTEM CONTROL NUMBER | |
| System control number | (Sirsi) u141608 |
| 041 0# - LANGUAGE CODE | |
| Language code of text/sound track or separate title | eng |
| 100 1# - MAIN ENTRY--PERSONAL NAME | |
| Personal name | Martin, Ian |
| 245 00 - TITLE STATEMENT | |
| Title | Focus |
| Remainder of title | West Midlands |
| 260 ## - PUBLICATION, DISTRIBUTION, ETC. | |
| Date of publication, distribution, etc. | 2007 |
| 490 ## - SERIES STATEMENT | |
| Series statement | Estates Gazette |
| Volume/sequential designation | (0748) 1 December 2007, 121-135(8) |
| 520 ## - SUMMARY, ETC. | |
| Summary, etc. | Examines the future of investment in the West Midlands. Reports that retail asset sales are declining to the unpredictability of the market. Office investment deals are progressing slowly due to the credit crunch and declining investor confidence. In the industrial investment sector, many agents believe activity will pick up early in the new year. |
| 590 ## - LOCAL NOTE (RLIN) | |
| Local note | KA |
| 651 #4 - SUBJECT ADDED ENTRY--GEOGRAPHIC NAME | |
| Geographic name | United Kingdom |
| Chronological subdivision | |
| 690 ## - LOCAL SUBJECT ADDED ENTRY--TOPICAL TERM (OCLC, RLIN) | |
| Topical term or geographic name as entry element | PROPERTY-PROPERTY MARKET |
| 700 1# - ADDED ENTRY--PERSONAL NAME | |
| Personal name | Robson, Claire |
| 700 1# - ADDED ENTRY--PERSONAL NAME | |
| Personal name | Pilkington, Lisa |
| 700 1# - ADDED ENTRY--PERSONAL NAME | |
| Personal name | Halstead, Ian |
| 942 ## - ADDED ENTRY ELEMENTS (KOHA) | |
| Suppress in OPAC | 0 |
| Withdrawn status | Lost status | Source of classification or shelving scheme | Damaged status | Not for loan | Home library | Current library | Shelving location | Date acquired | Total Checkouts | Full call number | Barcode | Date last seen | Copy number | Price effective from | Koha item type |
|---|---|---|---|---|---|---|---|---|---|---|---|---|---|---|---|
| Dewey Decimal Classification | London | London | Journal article | 05/12/2007 | L141608 | 141608-1001 | 06/08/2019 | 1 | 06/08/2019 | Journal article |